Love, Sex & marriage / (Record no. 40604)
[ view plain ]
| 000 -LEADER | |
|---|---|
| fixed length control field | 00805nam a22002297a 4500 |
| 005 - DATE AND TIME OF LATEST TRANSACTION | |
| control field | 20100810121914.0 |
| 010 ## - LCCN (DPL NO) | |
| LC control number | ENG-99169 |
| 020 ## - INTERNATIONAL STANDARD BOOK NUMBER | |
| Terms of availability | 150.00 |
| International Standard Book Number | 818419241 - X |
| 020 ## - INTERNATIONAL STANDARD BOOK NUMBER | |
| Terms of availability | 150.00 |
| International Standard Book Number | 9788184192414 |
| 035 ## - SYSTEM CONTROL NUMBER | |
| System control number | EN-82701 |
| 037 ## - SOURCE OF ACQUISITION | |
| Source of stock number/acquisition | DBAD/PUB |
| 082 ## - DEWEY DECIMAL CLASSIFICATION NUMBER | |
| Classification number | 301.4209 |
| 100 ## - MAIN ENTRY--PERSONAL NAME | |
| Personal name | K.Sohail |
| 245 ## - TITLE STATEMENT | |
| Title | Love, Sex & marriage / |
| Statement of responsibility, etc | by K.Sohail [and] Bette Davis |
| 260 ## - PUBLICATION, DISTRIBUTION, ETC. (IMPRINT) | |
| Place of publication, distribution, etc | New Delhi |
| Name of publisher, distributor, etc | Fusion Books |
| Date of publication, distribution, etc | 2007 |
| 270 ## - ADDRESS | |
| City | New Delhi |
| Postal code | 110020 |
| Address | X- 30, Okhla Indl. area, Phase-II |
| 300 ## - PHYSICAL DESCRIPTION | |
| Extent | 171p. |
| Dimensions | 21cm (pbk) |
| 500 ## - GENERAL NOTE | |
| General note | includes bibliographical references |
| 700 ## - ADDED ENTRY--PERSONAL NAME | |
| 9 (RLIN) | 9730 |
| Personal name | Davis, Bette |
| 942 ## - ADDED ENTRY ELEMENTS (KOHA) | |
| Source of classification or shelving scheme | Dewey Decimal Classification |
| Item type | English Books |
| Classification part | 301.4209 |
| Call number suffix | KSO |
| Withdrawn status | Lost status | Not for loan | Collection code | Home library | Current library | Date acquired | Source of acquisition | Cost, normal purchase price | Full call number | Barcode | Copy number | Cost, replacement price | Koha item type |
|---|---|---|---|---|---|---|---|---|---|---|---|---|---|
| Not For Loan | Non-fiction | D.B.Act.Division | D.B.Act.Division | 10/08/2010 | DBAD/PUB | 150.00 | 301.4209 KSO | EN-82701 | 1 | 150.00 | English Books |
